Guess the Ubuntu Release Animal - Statistics

General Stats
  • This quiz has been taken 10 times
  • The average score is 12 of 44
Answer Stats
Version Adjective Animal % Correct
9.10 Karmic Koala
67%
10.04 LTS Lucid Lynx
67%
10.10 Maverick Meerkat
67%
12.04 LTS Precise Penguin
67%
4.10 Warty Warthog
67%
16.10 Yakkety Yak
67%
17.10 Artful Aardvark
50%
20.04 LTS Focal Fossa
50%
20.10 Groovy Gorilla
50%
22.04 LTS Jammy Jellyfish
50%
18.04 LTS Bionic Beaver
33%
21.04 Hirsute Hippo
33%
8.10 Intrepid Ibex
33%
11.04 Natty Narwhal
33%
11.10 Oneiric Ocelot
33%
13.10 Saucy Salamander
33%
14.10 Utopic Unicorn
33%
5.10 Breezy Badger
17%
18.10 Cosmic Cuttlefish
17%
19.04 Disco Dingo
17%
6.06 LTS Dapper Drake
17%
19.10 Eoan Ermine
17%
7.04 Feisty Fawn
17%
7.10 Gutsy Gibbon
17%
5.04 Hoary Hedgehog
17%
9.04 Jaunty Jackalope
17%
23.04 Lunar Lobster
17%
23.10 Mantic Minotaur
17%
24.04 LTS Noble Numbat
17%
24.10 Oracular Oriole
17%
25.04 Plucky Puffin
17%
12.10 Quantal Quetzal
17%
13.04 Raring Ringtail
17%
14.04 LTS Trusty Tahr
17%
15.04 Vivid Vervet
17%
15.10 Wily Werewolf
17%
16.04 LTS Xenial Xerus
17%
6.10 Edgy Eft
0%
8.04 LTS Hardy Heron
0%
21.10 Impish Indri
0%
22.10 Kinetic Kudu
0%
25.10 Questing Quokka
0%
26.04 Resolute Raccoon
0%
17.04 Zesty Zapus
0%
No matching quizzes found
Score Distribution
Percent of People with Each Score
Percentile by Number Answered
Your Score History
You have not taken this quiz